Manusia P.Ramlee

Bibliographic Details
Main Author: Wan Hamzah Awang
Format: Book
Published: Kuala Lumpur : Fajar Bakti , 1993
Subjects:

MARC

LEADER 00000cam a2200000 7i4500
001 0000005152
002 000005563
005 20080114.0
020 |a 9676526134 
090 0 0 |a 920   |b WAN 
100 1 |a Wan Hamzah Awang 
245 1 0 |a Manusia P.Ramlee   |c Wan Hamzah Awang 
260 |a Kuala Lumpur :   |b Fajar Bakti ,   |c 1993 
300 |a 101p. ;   |c 19cm. 
600 0 0 |a P.Ramlee   |x Biography ,   |d 1929-1973 
999 |a 031177   |b BUKU   |c PINJAMAN   |e PERPUSTAKAAN KOMUNITI PETALING JAYA 
999 |a 031178   |b BUKU   |c PINJAMAN   |e PERPUSTAKAAN KOMUNITI PETALING JAYA